[Event "4NCL/Div1/BARB2-BG1"]
[Site "Rd09-Birmingham"]
[Date "2001.05.05"]
[Round "9.4"]
[White "Rogers, Ian"]
[Black "Rogers, Jonathan"]
[Result "1-0"]
[WhiteElo "2528"]
[BlackElo "2329"]
[PlyCount "61"]
[EventDate "2001.05.05"]

1. e4 e5 2. Bc4 Nf6 3. d3 c6 4. Nf3 Be7 5. Nc3 O-O 6. a3 d5 7. Ba2 dxe4 8. dxe4
Qxd1+ 9. Kxd1 Nbd7 10. Bg5 h6 11. Bh4 Re8 12. Re1 Nh5 13. Bxe7 Rxe7 14. Ke2 Nf8
15. Kf1 Be6 16. Bxe6 Nxe6 17. Rad1 Ng5 18. Nd2 Rd8 19. Nc4 Rd4 20. b3 Nf4 21.
h4 Nge6 22. g3 Ng6 23. h5 Ngf8 24. Nxe5 Rxd1 25. Rxd1 Nc5 26. f4 f6 27. Ng6
Nxg6 28. hxg6 Rd7 29. Rxd7 Nxd7 30. Kf2 Kf8 31. Ne2 1-0

[Event "4NCL/Div1/BARB2-BG1"]
[Site "Rd09-Birmingham"]
[Date "2001.05.05"]
[Round "9.5"]
[White "Shikerov, Stefan"]
[Black "Chandler, Murray"]
[Result "0-1"]
[WhiteElo "2250"]
[BlackElo "2529"]
[PlyCount "106"]
[EventDate "2001.05.05"]

1. d4 Nf6 2. c4 e6 3. Nc3 Bb4 4. e3 O-O 5. Nge2 d5 6. a3 Be7 7. Ng3 c5 8. dxc5
Bxc5 9. b4 Be7 10. Bb2 dxc4 11. Qxd8 Rxd8 12. Bxc4 Nbd7 13. Rd1 a5 14. b5 Nb6
15. Rxd8+ Bxd8 16. Ba2 Bd7 17. e4 Rc8 18. Ke2 Bxb5+ 19. Nxb5 Rc2+ 20. Kf3 Rxb2
21. Nc3 Be7 22. Rb1 Bxa3 23. Rxb2 Bxb2 24. Nb5 Be5 25. Nf1 Kf8 26. Nd2 a4 27.
h3 Ke7 28. Ke3 Bb2 29. Kd3 Kd7 30. Kc2 Ba1 31. Kb1 Be5 32. Nf3 Bb8 33. Nc3 h6
34. Kb2 Kc6 35. Ne1 Nfd7 36. g3 g5 37. Ne2 Nc5 38. f3 Kb5 39. Nd4+ Kb4 40.
Nec2+ Ka5 41. Ne2 Nbd7 42. Ncd4 Ne5 43. Kc2 Ned3 44. Bc4 Nf2 45. h4 g4 46. fxg4
Nxg4 47. Ba2 Nxe4 48. Kd3 Nxg3 49. Nc3 Ne5+ 50. Kd2 Bd6 51. Nc2 Nf5 52. Ne4 Be7
53. h5 b5 0-1

[Event "4NCL/Div1/BARB2-BG1"]
[Site "Rd09-Birmingham"]
[Date "2001.05.05"]
[Round "9.6"]
[White "Gallagher, Joe"]
[Black "Hodgson, John H"]
[Result "1-0"]
[WhiteElo "2524"]
[BlackElo "2302"]
[PlyCount "87"]
[EventDate "2001.05.05"]

1. e4 c5 2. Nf3 d6 3. d4 cxd4 4. Nxd4 Nf6 5. Nc3 g6 6. Be3 Bg7 7. f3 O-O 8. Qd2
Nc6 9. O-O-O d5 10. exd5 Nxd5 11. Nxc6 bxc6 12. Bd4 e5 13. Bc5 Be6 14. Ne4 Re8
15. h4 h6 16. g4 Qc7 17. g5 h5 18. Bc4 Rad8 19. Qf2 Nf4 20. Bxe6 Nxe6 21. Be3
Qe7 22. Rxd8 Rxd8 23. c3 Qb7 24. Qe2 a6 25. Rd1 Qb5 26. Rxd8+ Nxd8 27. c4 Qa5
28. Qd2 Qxd2+ 29. Kxd2 Ne6 30. Kc3 Kf8 31. Kb4 Ke7 32. Ka5 f6 33. Kxa6 fxg5 34.
hxg5 Nd4 35. a4 h4 36. a5 h3 37. Nf2 h2 38. Kb7 Nf5 39. Bc5+ Kd7 40. a6 e4 41.
a7 Nd6+ 42. Bxd6 e3 43. Nh1 Kxd6 44. a8=Q 1-0

[Event "4NCL/Div1/BARB2-BG1"]
[Site "Rd09-Birmingham"]
[Date "2001.05.05"]
[Round "9.7"]
[White "Mack, Andrew"]
[Black "McDonald, Neil"]
[Result "1-0"]
[WhiteElo "2261"]
[BlackElo "2436"]
[PlyCount "123"]
[EventDate "2001.05.05"]

1. e4 e6 2. d4 d5 3. Nc3 Bb4 4. Bd3 dxe4 5. Bxe4 Nf6 6. Bd3 Nbd7 7. Nf3 c5 8.
O-O Bxc3 9. bxc3 Qc7 10. Re1 b6 11. Ne5 Nxe5 12. dxe5 Nd5 13. Qg4 Bb7 14. Bb5+
Kf8 15. Qh3 h6 16. a4 Kg8 17. Bd2 Rd8 18. Bd3 c4 19. Be4 Ne7 20. Bxb7 Qxb7 21.
Be3 Rd5 22. Bd4 Nf5 23. Re4 Qd7 24. Qf3 Nxd4 25. cxd4 Rxd4 26. Rxd4 Qxd4 27.
Re1 Qd2 28. Qe4 g6 29. h4 Kg7 30. Re3 Rd8 31. Qf4 Rd7 32. Qf6+ Kg8 33. c3 a6
34. Rg3 Qc2 35. Qf4 Rd1+ 36. Kh2 Qc1 37. Re3 Rh1+ 38. Kg3 Qg1 39. Qxc4 Qh2+ 40.
Kf3 Qxh4 41. Qxa6 Qh5+ 42. Kg3 Qg5+ 43. Kf3 Rh2 44. Ke2 Qg4+ 45. Rf3 Qe4+ 46.
Kd2 Qd5+ 47. Qd3 Qxd3+ 48. Kxd3 Rxg2 49. Kc4 h5 50. Kb5 g5 51. Kxb6 g4 52. Rf4
f5 53. exf6 g3 54. fxg3 Rxg3 55. Rc4 h4 56. Rxh4 Rxc3 57. Rb4 Kf7 58. a5 Kxf6
59. a6 Ra3 60. a7 e5 61. Rb5 Rxa7 62. Kxa7 1-0

[Event "4NCL/Div1/BARB2-BG1"]
[Site "Rd09-Birmingham"]
[Date "2001.05.05"]
[Round "9.8"]
[White "Flear, Christine"]
[Black "Kieran, Rosalind"]
[Result "0-1"]
[WhiteElo "2166"]
[BlackElo "2079"]
[PlyCount "110"]
[EventDate "2001.05.05"]

1. d4 Nf6 2. c4 e6 3. Nf3 d5 4. e3 Nbd7 5. Bd3 Be7 6. O-O O-O 7. Nc3 Re8 8. b3
Nf8 9. Ne5 Ng6 10. f4 Bb4 11. Ne2 Ne4 12. Bxe4 dxe4 13. Ng3 f5 14. c5 Nxe5 15.
fxe5 b6 16. cxb6 cxb6 17. Bd2 Be7 18. Qe2 {=} a5 19. Qc4 Kh8 20. Rfc1 Ba3 21.
Rc2 Ba6 22. Qc7 Rc8 23. Qxd8 Rexd8 24. Rxc8 Rxc8 25. Nh5 Rc2 26. Be1 Kg8 27.
Nf4 Kf7 28. h4 h6 29. h5 Bc1 30. Bf2 Rc3 31. d5 exd5 32. e6+ Ke8 33. Nxd5 Rc6
34. Nxb6 Bb2 35. Rb1 Be5 36. Nc4 Bxc4 37. bxc4 Rxc4 38. Be1 a4 39. Bb4 Rc2 40.
a3 f4 41. exf4 Bxf4 42. Re1 e3 43. Rf1 Rc4 44. g3 Rxb4 45. gxf4 Re4 46. f5 Ke7
47. Kg2 Kf6 48. Kf3 e2 49. Re1 Kxf5 50. Rxe2 Rxe2 51. Kxe2 Kxe6 52. Kd3 Kf5 53.
Kc4 Kg5 54. Kb4 Kxh5 55. Kxa4 g5 0-1

[Event "4NCL/Div1/PP-WR"]
[Site "Rd09-Birmingham"]
[Date "2001.05.05"]
[Round "9.1"]
[White "Shaw, John"]
[Black "Hunt, Harriet"]
[Result "1/2-1/2"]
[WhiteElo "2461"]
[BlackElo "2426"]
[PlyCount "76"]
[EventDate "2001.05.05"]

1. e4 c5 2. Nf3 d6 3. Bb5+ Nd7 4. d4 Ngf6 5. Nc3 a6 6. Bxd7+ Nxd7 7. O-O e6 8.
Bg5 f6 9. Bh4 Qc7 10. Re1 Be7 11. e5 cxd4 12. exd6 Qxd6 13. Nxd4 Ne5 14. Qh5+
g6 15. Qd1 O-O 16. f4 Nc4 17. Nxe6 Bxe6 18. Qxd6 Bxd6 19. Rxe6 Bc5+ 20. Kh1 Bd4
21. Nd1 g5 22. Bf2 Rad8 23. Re4 Rfe8 24. Rxe8+ Rxe8 25. h3 Bxf2 26. Nxf2 Re2
27. Ng4 gxf4 28. Nxf6+ Kf7 29. Nd5 Rxc2 30. b3 Ne3 31. Nxf4 Rf2 32. Re1 Nf5 33.
Nd3 Rxa2 34. Rf1 Kg6 35. Ne5+ Kg5 36. Nf7+ Kg6 37. Ne5+ Kg5 38. Nf7+ Kg6
1/2-1/2

[Event "4NCL/Div1/PP-WR"]
[Site "Rd09-Birmingham"]
[Date "2001.05.05"]
[Round "9.2"]
[White "Matros, Alexander"]
[Black "Mannion, Stephen"]
[Result "1-0"]
[WhiteElo "2449"]
[BlackElo "2350"]
[PlyCount "127"]
[EventDate "2001.05.05"]

1. d4 Nf6 2. c4 c5 3. d5 b5 4. Nf3 b4 5. g3 g6 6. b3 Bg7 7. Bb2 O-O 8. Bg2 e6
9. dxe6 fxe6 10. Ng5 d5 11. O-O Nc6 12. Nd2 Qe7 13. cxd5 Nxd5 14. Bxg7 Kxg7 15.
Nge4 Ba6 16. Rc1 Nd4 17. Re1 Rac8 18. e3 Nb5 19. Nb1 Nf6 20. Qc2 Nxe4 21. Bxe4
Nd6 22. Bd3 Bb7 23. Qb2+ Kg8 24. Nd2 Rfd8 25. Red1 Qg5 26. Be2 Qf5 27. f3 Nf7
28. e4 Qh5 29. Nc4 Ng5 30. Ne5 Qh6 31. Ng4 Qg7 32. Nf6+ Kh8 33. Rxd8+ Rxd8 34.
Rxc5 Nf7 35. Rc7 Ba8 36. Rxa7 e5 37. Ng4 h5 38. Nf2 Qf6 39. Kg2 Ng5 40. Ra5 Re8
41. h4 Nf7 42. Ra6 Qg7 43. Ra7 Qf6 44. Bc4 Nd6 45. Qd2 Qf8 46. Qg5 Nxc4 47.
bxc4 Re6 48. Nd3 Kg8 49. Rd7 Bc6 50. Rd8 Be8 51. Nxe5 Ra6 52. a4 Kh7 53. Nd7
Qf7 54. Qd5 Qe7 55. a5 Bf7 56. Nf8+ Kh6 57. Qd2+ g5 58. Rc8 Rd6 59. Qxg5+ Qxg5
60. hxg5+ Kxg5 61. Rc7 Rd2+ 62. Kh3 Be8 63. Re7 Ba4 64. Re6 1-0

[Event "4NCL/Div1/PP-WR"]
[Site "Rd09-Birmingham"]
[Date "2001.05.05"]
[Round "9.3"]
[White "Bryson, Douglas"]
[Black "Arkell, Keith"]
[Result "1/2-1/2"]
[WhiteElo "2378"]
[BlackElo "2436"]
[PlyCount "154"]
[EventDate "2001.05.05"]

1. e4 c6 2. d4 d5 3. exd5 cxd5 4. c4 Nf6 5. Nc3 g6 6. Qb3 Bg7 7. cxd5 O-O 8.
Be2 Na6 9. Bg5 Qb6 10. Nf3 Qxb3 11. axb3 Nb4 12. Bxf6 Bxf6 13. O-O Bg4 14. Ra4
a5 15. Rd1 Rfd8 16. h3 Bf5 17. Bc4 b6 18. Raa1 Bc8 19. Ne5 Bb7 20. d6 e6 21.
Nb5 Nc6 22. f4 Nb4 23. Rac1 Rab8 24. g4 Na2 25. Rc2 Ba6 26. Rcd2 Nb4 27. d7 Bb7
28. f5 Nd5 29. fxe6 fxe6 30. Nc3 Bg5 31. Bxd5 exd5 32. Re2 Bf6 33. Rf1 Bxe5 34.
Rxe5 Rxd7 35. Rf6 Ba8 36. Ree6 b5 37. Rb6 Rxb6 38. Rxb6 b4 39. Na4 Rb7 40. Ra6
Rb8 41. Nc5 Rc8 42. Rxa5 Bc6 43. Ra6 Bb5 44. Rb6 Be2 45. Kf2 Bd1 46. Ke1 Bf3
47. Rxb4 Re8+ 48. Kf2 Bd1 49. Rb7 Re2+ 50. Kg3 g5 51. Nd7 Re3+ 52. Kf2 Rxh3 53.
Nf6+ Kh8 54. Kg2 Rh6 55. Nh5 Kg8 56. Rg7+ Kf8 57. Rxg5 Bxb3 58. Kg3 Rb6 59.
Rf5+ Ke7 60. Nf4 Rd6 61. Re5+ Kf7 62. Ne2 Bc4 63. Nc3 Rb6 64. Rf5+ Kg6 65. Rf2
Kg5 66. Rf5+ Kg6 67. Nxd5 Bxd5 68. Rxd5 Rxb2 69. Kf4 Rf2+ 70. Ke3 Rg2 71. Kf3
Rd2 72. Rd7 Rd1 73. d5 Rd4 74. Rd8 Kf7 75. d6 Ke6 76. Rh8 Rxd6 77. Rxh7 Rd4
1/2-1/2

[Event "4NCL/Div1/PP-WR"]
[Site "Rd09-Birmingham"]
[Date "2001.05.05"]
[Round "9.4"]
[White "Dunnington, Angus"]
[Black "Swanson, Stephen"]
[Result "0-1"]
[WhiteElo "2388"]
[BlackElo "2273"]
[PlyCount "74"]
[EventDate "2001.05.05"]

1. d4 d6 2. e4 g6 3. Nc3 Bg7 4. Nf3 Nf6 5. Be3 O-O 6. Qd2 c6 7. Bh6 Qa5 8.
O-O-O Nbd7 9. h4 Bxh6 10. Qxh6 Ng4 11. Qd2 h5 12. Ng5 b5 13. f3 Ngf6 14. g4 Rb8
15. gxh5 Nxh5 16. Kb1 Kg7 17. Rg1 b4 18. Ne2 Nb6 19. Nc1 Na4 20. Nb3 Qc7 21.
Bc4 d5 22. exd5 cxd5 23. Bxd5 Qd6 {=} 24. Be4 f5 25. Bd3 a5 26. Rde1 Nf6 27. h5
Nxh5 28. Bc4 Rf6 29. Re5 Nb6 30. Qe2 e6 31. Nc5 Qxd4 32. Rd1 Qxc4 33. Qd2 Nd5
34. Ncxe6+ Bxe6 35. Nxe6+ Rxe6 36. Rxd5 Rbe8 37. Qg5 Qxd5 0-1

[Event "4NCL/Div1/PP-WR"]
[Site "Rd09-Birmingham"]
[Date "2001.05.05"]
[Round "9.5"]
[White "Devereaux, Maxim"]
[Black "Dunworth, Chris"]
[Result "0-1"]
[WhiteElo "2274"]
[BlackElo "2287"]
[PlyCount "98"]
[EventDate "2001.05.05"]

1. d4 g6 2. e4 c6 3. Nf3 Bg7 4. c3 d5 5. Nbd2 dxe4 6. Nxe4 Nd7 7. Bd3 Ngf6 8.
Nxf6+ Nxf6 9. O-O O-O 10. Re1 a5 11. Bg5 a4 12. a3 Be6 13. Rxe6 fxe6 14. Qe2
Qd6 15. Re1 Rae8 16. Qc2 b5 17. Ne5 Rd8 18. Bxg6 hxg6 19. Qxg6 c5 20. h4 cxd4
21. cxd4 Qxd4 22. Bh6 Ne8 23. Qxe6+ Kh7 24. Qg6+ Kh8 25. Bxg7+ Nxg7 26. Qg3 Rf6
27. Ng6+ Rxg6 28. Qxg6 Qxh4 29. Qc2 Qd4 30. b3 Qd3 31. Qxd3 Rxd3 32. bxa4 bxa4
33. Rxe7 Rxa3 34. g4 Ra1+ 35. Kh2 a3 36. f4 a2 37. Ra7 Ne6 38. Ra8+ Kh7 39.
Ra7+ Kg8 40. Ra8+ Kf7 41. Ra7+ Ke8 42. Ra8+ Kd7 43. Ra7+ Kd6 44. Ra6+ Kd5 45.
f5 Ng5 46. f6 Nf3+ 47. Kg3 Rg1+ 48. Kf4 a1=Q 49. Rxa1 Rxa1 0-1

[Event "4NCL/Div1/PP-WR"]
[Site "Rd09-Birmingham"]
[Date "2001.05.05"]
[Round "9.6"]
[White "Gayson, Peter"]
[Black "Hadzimanolis, Antonios"]
[Result "1/2-1/2"]
[WhiteElo "2273"]
[BlackElo "2291"]
[PlyCount "109"]
[EventDate "2001.05.05"]

1. e4 e5 2. Nf3 Nc6 3. d4 exd4 4. Bc4 Nf6 5. O-O Nxe4 6. Re1 d5 7. Bxd5 Qxd5 8.
Nc3 Qa5 9. Nxe4 Be6 10. Bd2 Bb4 11. Nxd4 Nxd4 12. c3 Be7 13. cxd4 Qd5 14. Rc1
c6 15. Bg5 Bxg5 16. Rc5 Qxa2 17. Nxg5 O-O-O 18. Nxe6 fxe6 19. Qg4 Rd7 20. h3
Rf8 21. Rxe6 Qxb2 22. Rexc6+ bxc6 23. Rxc6+ Kd8 24. Qg5+ Rf6 25. Qa5+ Qb6 26.
Rxb6 Rxb6 27. Qg5+ Kc8 28. Qc5+ Kb7 29. d5 g6 30. g3 Rbd6 31. Qb5+ Kc8 32. Qc4+
Kd8 33. Qh4+ Ke8 34. Qe4+ Kf8 35. Qe5 Kg8 36. Qe8+ Kg7 37. Qe5+ Kf7 38. Qh8 h5
39. Qh7+ Kf6 40. Qh8+ Kf5 41. Qf8+ Ke4 42. Qg8 Kd4 43. Kg2 a5 44. h4 Ra7 45.
Qh8+ Kd3 46. Qa1 Raa6 47. Qa4 Kc3 48. Kf3 Rxd5 49. Qa1+ Kc4 50. Qa2+ Kc5 51.
Qc2+ Kb4 52. Qe4+ Kc5 53. Qc2+ Kb4 54. Qe4+ Kc5 55. Qc2+ 1/2-1/2

[Event "4NCL/Div1/PP-WR"]
[Site "Rd09-Birmingham"]
[Date "2001.05.05"]
[Round "9.7"]
[White "Smith, Andrew P"]
[Black "Townsend, M Paul"]
[Result "0-1"]
[WhiteElo "2252"]
[BlackElo "2230"]
[PlyCount "78"]
[EventDate "2001.05.05"]

1. e4 g6 2. d4 Bg7 3. Nc3 d6 4. Be3 a6 5. Qd2 b5 6. f3 Nd7 7. g4 Bb7 8. h4 h5
9. gxh5 Rxh5 10. Nge2 Ngf6 11. Ng3 Rh8 12. h5 Nxh5 13. Nxh5 gxh5 14. O-O-O c6
15. Ne2 Qc7 16. Ng3 O-O-O 17. Nxh5 Kb8 18. Bg2 Bf8 19. Ng3 Rxh1 20. Rxh1 c5 21.
dxc5 Nxc5 22. Kb1 e6 23. Qd4 e5 24. Qc3 d5 25. exd5 Bxd5 26. Bg5 Be7 27. Bxe7
Qxe7 28. b3 Rc8 29. Nf5 Qf6 30. Ne3 Na4 31. Qd2 Nc3+ 32. Ka1 e4 33. Ng4 Qg7 34.
Qf4+ Kb7 35. fxe4 Nxe4+ 36. Qe5 Qxe5+ 37. Nxe5 Rxc2 38. Re1 Rxg2 39. Nxf7 Nc3
0-1

[Event "4NCL/Div1/PP-WR"]
[Site "Rd09-Birmingham"]
[Date "2001.05.05"]
[Round "9.8"]
[White "Barrett, Stephen"]
[Black "Connolly, Suzanne"]
[Result "1/2-1/2"]
[WhiteElo "2217"]
[BlackElo "2083"]
[PlyCount "99"]
[EventDate "2001.05.05"]

1. d4 d5 2. c4 c6 3. cxd5 cxd5 4. Bf4 Nf6 5. Nc3 e6 6. e3 Bd6 7. Nf3 Nc6 8. Bd3
O-O 9. O-O b6 10. Qe2 Bb7 11. Rfd1 Ne7 12. Ne5 Ng6 13. Nxg6 hxg6 14. Bg5 Be7
15. Qf3 Nh5 16. Bxe7 Qxe7 17. g4 Nf6 18. Qg2 Rfd8 19. f4 Rac8 20. Rd2 Ne8 21.
Qg3 Nd6 22. h4 f5 23. h5 gxh5 24. gxh5 Qf6 25. Rh2 Kf7 26. Kf2 Rh8 27. Rg1 Rh6
28. Rhg2 Rg8 29. Qh3 Kf8 30. Rg6 Qe7 31. Be2 Bc6 32. Qg3 Rxg6 33. Qxg6 Be8 34.
Qg3 Rh8 35. Rh1 Rh6 36. Ke1 Qc7 37. a3 Qe7 {=} 38. Kd2 Bc6 39. Rg1 Be8 40. Rh1
Qf6 41. Qg2 Qe7 42. Kc2 Qc7 43. Bf3 Nc4 44. Qe2 Nd6 45. Kb1 Qc4 46. Qc2 Qc7 47.
b3 Qc8 48. Kb2 Qc7 49. Qe2 Qe7 50. Qd3 1/2-1/2

[Event "4NCL/Div1/RIC-BARB1"]
[Site "Rd09-Birmingham"]
[Date "2001.05.05"]
[Round "9.1"]
[White "Bezold, Michael"]
[Black "Parker, Jonathan"]
[Result "1/2-1/2"]
[WhiteElo "2510"]
[BlackElo "2545"]
[PlyCount "37"]
[EventDate "2001.05.05"]

1. e4 e5 2. Nf3 Nc6 3. Bc4 Bc5 4. c3 Nf6 5. d3 a6 6. O-O Ba7 7. h3 d6 8. Bb3
Ne7 9. Re1 Ng6 10. Nbd2 O-O 11. Nf1 Re8 12. N3h2 Be6 13. Qf3 Nd7 14. Ng3 Bxb3
15. axb3 Qf6 16. Nf5 Nh4 17. Nxh4 Qxh4 18. b4 Qf6 19. Qe2 1/2-1/2

[Event "4NCL/Div1/RIC-BARB1"]
[Site "Rd09-Birmingham"]
[Date "2001.05.05"]
[Round "9.2"]
[White "Kelly, Brian"]
[Black "Wall, Gavin"]
[Result "1/2-1/2"]
[WhiteElo "2464"]
[BlackElo "2348"]
[PlyCount "96"]
[EventDate "2001.05.05"]

1. d4 f5 2. g3 Nf6 3. Bg2 g6 4. Nf3 Bg7 5. O-O O-O 6. c4 d6 7. Nc3 Qe8 8. d5
Na6 9. Rb1 Bd7 10. b4 c6 11. dxc6 bxc6 12. b5 cxb5 13. cxb5 Nc5 14. Nd4 Rc8 15.
Bb2 Nfe4 16. Nxe4 Nxe4 17. a4 Qf7 18. Qd3 Qa2 19. Bxe4 fxe4 20. Qxe4 e5 21. Nc6
Rxc6 22. bxc6 Bf5 23. Ra1 Qxb2 24. Qd5+ Kh8 25. Ra2 Qc3 26. Qxd6 Rc8 27. Rd1 h5
28. Raa1 Qxc6 29. Qxc6 Rxc6 30. Rac1 Bc2 31. a5 a6 32. Rd8+ Kh7 33. Rb8 e4 34.
Rb6 Rc7 35. Rxa6 Bb2 36. Rf1 Bd4 37. Rd6 Bc5 38. Rd8 Ba4 39. Ra1 Bb5 40. e3 Bd3
41. h4 Be7 42. Ra8 Bf6 43. Re1 Rc6 44. Rb8 Rc5 45. Ra8 Bc3 46. Rc1 Rxa5 47.
Rxa5 Bxa5 48. Rc5 Bd8 1/2-1/2

[Event "4NCL/Div1/RIC-BARB1"]
[Site "Rd09-Birmingham"]
[Date "2001.05.05"]
[Round "9.3"]
[White "Heidenfeld, Mark"]
[Black "Crouch, Colin"]
[Result "1/2-1/2"]
[WhiteElo "2404"]
[BlackElo "2403"]
[PlyCount "88"]
[EventDate "2001.05.05"]

1. e4 Nf6 2. e5 Nd5 3. d4 d6 4. c4 Nb6 5. exd6 exd6 6. Nc3 Be7 7. Be3 O-O 8. b3
c5 9. Nf3 Bg4 10. Be2 Nc6 11. Rc1 f5 12. g3 Bxf3 13. Bxf3 Bg5 14. Bxc6 Bxe3 15.
fxe3 bxc6 16. dxc5 dxc5 17. Qxd8 Raxd8 18. Rd1 Rxd1+ 19. Kxd1 a5 20. Kc2 Kf7
21. e4 Ke6 22. exf5+ Rxf5 23. Re1+ Re5 24. Ne4 Nd7 25. Kd3 Ke7 26. Re2 h6 27.
h3 Re6 28. Re3 Re5 29. g4 Ke6 30. Ke2 Ke7 31. Kf3 g5 32. Rd3 Nf8 33. Nd6 Ne6
34. Nf5+ Kf6 35. Rd6 Re1 36. Rxc6 Ra1 37. a4 Ke5 38. Rb6 h5 39. Rb5 Rb1 40. Ke3
Rh1 41. Ng3 Rxh3 42. Kf2 hxg4 43. Rxa5 Rh2+ 44. Ke3 Rh3 1/2-1/2

[Event "4NCL/Div1/RIC-BARB1"]
[Site "Rd09-Birmingham"]
[Date "2001.05.05"]
[Round "9.4"]
[White "Knott, Simon"]
[Black "Bates, Richard"]
[Result "1/2-1/2"]
[WhiteElo "2373"]
[BlackElo "2372"]
[PlyCount "21"]
[EventDate "2001.05.05"]

1. c4 g6 2. d4 Nf6 3. Nc3 Bg7 4. e4 d6 5. Nf3 O-O 6. Be2 Na6 7. O-O e5 8. Qc2
Nb4 9. Qd1 Na6 10. Qc2 Nb4 11. Qd1 1/2-1/2

[Event "4NCL/Div1/RIC-BARB1"]
[Site "Rd09-Birmingham"]
[Date "2001.05.05"]
[Round "9.5"]
[White "Hinks-Edwards, Thomas"]
[Black "Webster, Andrew"]
[Result "1/2-1/2"]
[WhiteElo "2253"]
[BlackElo "2435"]
[PlyCount "63"]
[EventDate "2001.05.05"]

1. e4 g6 2. d4 Bg7 3. Nf3 c6 4. c3 d5 5. e5 Bg4 6. Nbd2 Nd7 7. Bd3 e6 8. O-O
Ne7 9. h3 Bxf3 10. Nxf3 Qc7 11. Bg5 h6 12. Be3 O-O-O 13. b4 Kb8 14. a4 f6 15.
exf6 Bxf6 16. b5 c5 17. a5 Nf5 18. b6 Qd6 19. Bxf5 exf5 20. a6 axb6 21. Qa4 c4
22. axb7 Kc7 23. Ne5 Bxe5 24. dxe5 Nxe5 25. Rfe1 Nd7 26. Bd4 Rhe8 27. b8=Q+
Rxb8 28. Rxe8 Rxe8 29. Qa7+ Kc6 30. Qa4+ Kc7 31. Qa7+ Kc6 32. Qa4+ 1/2-1/2

[Event "4NCL/Div1/RIC-BARB1"]
[Site "Rd09-Birmingham"]
[Date "2001.05.05"]
[Round "9.6"]
[White "Ferguson, Mark"]
[Black "Webb, Laurence"]
[Result "1/2-1/2"]
[WhiteElo "2374"]
[BlackElo "2233"]
[PlyCount "68"]
[EventDate "2001.05.05"]

1. e4 e5 2. Nf3 Nc6 3. Nc3 Nf6 4. Bb5 Bb4 5. O-O O-O 6. d3 d6 7. Bg5 Bxc3 8.
bxc3 Qe7 9. Re1 Nd8 10. d4 Ne6 11. Bc1 c5 12. a4 Nc7 13. Bc4 Bg4 14. h3 Bh5 15.
g4 Bg6 16. Nh4 Ne6 17. Nf5 Qc7 18. d5 Bxf5 19. exf5 Nf4 20. Bxf4 exf4 21. Qf3
Rae8 22. Qxf4 h6 23. Bb3 Rxe1+ 24. Rxe1 Re8 25. Rxe8+ Nxe8 26. Qe3 Kf8 27. c4
Qe7 28. Qxe7+ Kxe7 29. f4 a5 {(=)} 30. Kf2 f6 31. Kg3 Kf8 32. Kh4 Kg8 33. c3
Nc7 34. Bd1 Na8 1/2-1/2

[Event "4NCL/Div1/RIC-BARB1"]
[Site "Rd09-Birmingham"]
[Date "2001.05.05"]
[Round "9.7"]
[White "Thiruchelvam, Murugan"]
[Black "Collinson, Adam"]
[Result "0-1"]
[WhiteElo "2168"]
[BlackElo "2404"]
[PlyCount "74"]
[EventDate "2001.05.05"]

1. e4 c5 2. Nf3 d6 3. d4 cxd4 4. Qxd4 Nc6 5. Bb5 Bd7 6. Bxc6 Bxc6 7. Nc3 Nf6 8.
Bg5 e6 9. O-O-O Be7 10. Qd3 O-O 11. Nd4 Rc8 12. f4 Qc7 13. Bxf6 Bxf6 14. g4
Rfd8 15. g5 Bxd4 16. Qxd4 b5 17. Rd2 e5 18. Qe3 b4 19. Nd5 Bxd5 20. exd5 Qc4
21. b3 exf4 22. Qxa7 Qe4 23. Qg1 Rc3 24. Qd1 Rdc8 25. Rf1 g6 26. Rff2 f3 27.
Kb1 Re3 28. Rf1 Re2 29. Qc1 Rc3 30. Rxe2 fxe2 31. Re1 Rf3 32. h4 Rf2 33. Kb2
Qe5+ 34. Kb1 Qxd5 35. h5 Qf3 36. Qd2 Rf1 37. Kb2 Qc3+ 0-1

[Event "4NCL/Div1/RIC-BARB1"]
[Site "Rd09-Birmingham"]
[Date "2001.05.05"]
[Round "9.8"]
[White "Regan, Natasha"]
[Black "Buckley, Melanie"]
[Result "1-0"]
[WhiteElo "2179"]
[BlackElo "2114"]
[PlyCount "79"]
[EventDate "2001.05.05"]

1. e4 e6 2. d4 d5 3. Nc3 Bb4 4. e5 c5 5. Bd2 Nh6 6. Bxh6 gxh6 7. Nf3 Nc6 8. Bb5
Qa5 9. Qd2 Bxc3 10. Bxc6+ bxc6 11. Qxc3 Qxc3+ 12. bxc3 cxd4 13. Nxd4 Kd7 14.
Nb3 Kc7 15. O-O Ba6 16. Rfd1 Rhg8 17. Rd4 Rg5 18. Nc5 Bc8 19. Rf4 Rxe5 20.
Rxf7+ Kd6 21. Nd3 Rf5 22. Rxh7 Rf6 23. Re1 e5 24. Nxe5 Be6 25. Rg7 Raf8 26. Rg6
Rxg6 27. Nxg6 Rb8 28. Nf4 Bf5 29. Nd3 c5 30. f4 Bxd3 31. cxd3 Rb2 32. f5 Rxa2
33. Re6+ Kd7 34. Rxh6 Rc2 35. Rh7+ Kd8 36. h4 Rxc3 37. h5 Ke8 38. Rxa7 Kf8 39.
h6 Kg8 40. Rg7+ 1-0

[Event "4NCL/Div1/SLO-MM"]
[Site "Rd09-Birmingham"]
[Date "2001.05.05"]
[Round "9.1"]
[White "Spraggett, Kevin"]
[Black "Pert, Nicholas"]
[Result "1/2-1/2"]
[WhiteElo "2526"]
[BlackElo "2474"]
[PlyCount "109"]
[EventDate "2001.05.05"]

1. e4 e6 2. d3 d5 3. Qe2 dxe4 4. dxe4 b6 5. Nd2 Ba6 6. Nc4 Nf6 7. Nf3 Be7 8.
Bd2 Bb7 9. O-O-O Nxe4 10. Bh6 Qc8 11. Bxg7 Rg8 12. Bh6 Nd7 13. Nfe5 Ndf6 14. f3
Nd6 15. Kb1 a6 16. Qf2 Nd5 17. Bd3 Nxc4 18. Bxc4 f6 19. Ng4 Qd7 20. Bb3 b5 21.
c4 bxc4 22. Bxc4 O-O-O 23. Qe2 Qc6 24. Rc1 Qb6 25. Ne3 Bc5 26. Nxd5 exd5 27.
Bd3 Kb8 28. Bf4 Bd6 29. Bxd6 Qxd6 30. Bxh7 Rh8 31. Bd3 Rde8 32. Qf1 Re3 33. h4
c5 34. h5 Bc8 35. Bg6 Be6 36. Qf2 d4 37. Rhe1 Qd5 38. b3 Bf5+ 39. Ka1 Bxg6 40.
hxg6 Rhe8 41. Rxe3 dxe3 42. Qc2 f5 43. f4 e2 44. Re1 Qxg2 45. Qxc5 Qxg6 46.
Qb4+ Ka8 47. Qc4 Qd6 48. Kb2 Re4 49. Qc3 Qxf4 50. Rg1 Qe5 51. Rg8+ Kb7 52. Rg7+
Kb6 53. Rg6+ Kb7 54. Rg7+ Kb6 55. Rg6+ 1/2-1/2

[Event "4NCL/Div1/SLO-MM"]
[Site "Rd09-Birmingham"]
[Date "2001.05.05"]
[Round "9.2"]
[White "Ledger, Andrew"]
[Black "Kosten, Anthony"]
[Result "0-1"]
[WhiteElo "2432"]
[BlackElo "2524"]
[PlyCount "86"]
[EventDate "2001.05.05"]

1. e4 c5 2. Nc3 d6 3. g3 Nc6 4. Bg2 g6 5. d3 Bg7 6. Be3 e5 7. Qd2 Be6 8. f4
Nge7 9. Nf3 exf4 10. Bxf4 h6 11. h4 Qd7 12. a3 Ne5 13. Nxe5 Bxe5 14. O-O-O Bg7
15. Nd5 Nc6 16. Rdf1 b5 17. Be3 Bxd5 18. exd5 Ne5 19. h5 g5 20. Be4 b4 21. axb4
Qa4 22. Qf2 Rb8 23. b3 Qa3+ 24. Kd2 Qxb4+ 25. Ke2 Rb7 26. Qf5 Rc7 27. Bd2 Qb5
28. Ra1 Qd7 29. Ra6 Qxf5 30. Bxf5 Ke7 31. Rha1 Ra8 32. R1a4 Nd7 33. Re4+ Be5
34. Bc3 f6 35. Bxe5 fxe5 36. Bxd7 Rxd7 37. Rea4 Kd8 38. Kf3 Ke7 39. Ke4 Rb7 40.
Kf5 Rd7 41. Kg6 Rg8+ 42. Kh7 Kf8+ 43. Kxh6 Rdg7 0-1

[Event "4NCL/Div1/SLO-MM"]
[Site "Rd09-Birmingham"]
[Date "2001.05.05"]
[Round "9.3"]
[White "Wells, Peter"]
[Black "Williams, Simon"]
[Result "0-1"]
[WhiteElo "2522"]
[BlackElo "2367"]
[PlyCount "79"]
[EventDate "2001.05.05"]

1. e4 c5 2. Nf3 d6 3. d4 Nf6 4. Nc3 cxd4 5. Nxd4 g6 6. Be3 Bg7 7. f3 Nc6 8. Qd2
O-O 9. Bc4 Bd7 10. O-O-O Ne5 11. Bb3 b5 12. Ndxb5 Qb8 13. Nd4 a5 14. a4 Rc8 15.
Ndb5 Nc4 16. Bxc4 Rxc4 17. b3 Rb4 18. e5 dxe5 19. Bc5 e4 20. Bxe7 Bxb5 21. axb5
Qe5 22. Qd8+ Rxd8 23. Rxd8+ Bf8 24. Bxf8 Ne8 25. Bh6 exf3 26. gxf3 Rd4 27. Rxd4
Qxd4 28. Re1 Nd6 29. Rd1 Qh4 30. Rxd6 Qxh6+ 31. Kb2 Qxh2 32. Rd8+ Kg7 33. b6
Qh4 34. Rc8 Qe7 35. Rc7 Qe5 36. Rd7 h5 37. b7 h4 38. f4 Qxf4 39. Nd5 Qe5+ 40.
Ka2 {(time)} 0-1

[Event "4NCL/Div1/SLO-MM"]
[Site "Rd09-Birmingham"]
[Date "2001.05.05"]
[Round "9.4"]
[White "Ledger, David"]
[Black "Summerscale, Aaron"]
[Result "0-1"]
[WhiteElo "2285"]
[BlackElo "2506"]
[PlyCount "60"]
[EventDate "2001.05.05"]

1. e4 e6 2. d4 d5 3. Nc3 Nf6 4. e5 Nfd7 5. Nce2 c5 6. f4 Nc6 7. c3 b5 8. Nf3 b4
9. h4 a5 10. Rh3 Ba6 11. Be3 Rc8 12. f5 bxc3 13. bxc3 cxd4 14. Bxd4 exf5 15.
Nf4 Bxf1 16. Kxf1 Nc5 17. Bxc5 Bxc5 18. e6 O-O 19. Ng5 Qd6 20. g3 Ne5 21. Qh5
h6 22. Re1 f6 23. Nf7 Nxf7 24. exf7+ Rxf7 25. Qxf5 Rd8 26. Re6 Qb8 27. Nxd5 Qb2
28. Re2 Qa1+ 29. Re1 Qxa2 30. Nxf6+ Rxf6 0-1